Statistiques concernant films par métiers #20

Cliquez ici pour prendre le quiz!

Statistiques générales

  • Ce quiz a été pris 25 fois
  • Le résultat moyen est 8 sur 20

Statistiques - réponses

HintRéponse% Correct
Premier valet de chambre du roi (La Borde)Jeanne du Barry (2023)
73%
Chasseurs (Tom et Bill)L'Ours (1988)
59%
Gouvernante (Moon-gwang)Parasite (2019)
59%
Caporal suppléant (William Schofield)1917 (2019)
55%
Directeur de salle de spectacle (Louis Leplée)La Môme (2007)
55%
Professeure de danse (Sandra Wilkinson)Billy Elliot (2000)
50%
Secrétaire général adjoint de l'ONU (Thierry Umutoni)World War Z (2013)
50%
Producteur chez EMI (Ray Foster)Bohemian Rhapsody (2018)
45%
Patron de café (Rossignoli)L'Enquête corse (2004)
45%
Chauffeur de camion puis tueur à gages (Frank Sheeran)The Irishman (2019)
41%
Agent spécial du FBI (Arthur "Art" Jeffries)Code Mercury (1998)
36%
Vendeur d'abonnements aux chaînes satellitaires (Alexander Kerner)Good Bye, Lenin! (2003)
36%
Doubleuse de voix de série TV (Jeanne Rinaldi)Hollywoo (2011)
32%
Lieutenant général (Ulysses S. Grant)Lincoln (2012)
32%
Dirigeant du "Tangiers" (Sam « Ace » Rothstein)Casino (1995)
27%
Architectes designers (Valentin et Constance Duquesne)La Ch'tite Famille (2018)
27%
Inspectrice d'Europol (Isabel Lahiri)Ocean's Twelve (2004)
27%
Steward (Jacques)Trois Hommes et un couffin (1985)
27%
Journaliste (Raoul Duke)Las Vegas Parano (1998)
23%
Dentiste (Dr Nicholas « Oz » Oseransky)Mon voisin le tueur (2000)
18%

Distribution des résultats

Percentile par nombre de réponses

% des personnes avec chaque résultat

Votre développement - résultats

Vous n’avez pas pris ce quiz